00576 2200205 4500001002100000005001500021035002000036245009300056100001900149250000600168300003500174700001600209260004400225082001200269084001800281020002200299650001500321990001700336990001700353INLIS00000000000050720181129011639 a0010-11180000501 aMempersiapkan Pemain Sepak Bola Berprestasi ( 2 ) /cSutrisno, S.Pd; Editor, Weny Rahayu0 aSutrisno, S.Pd a- aiv, 68 hlm. :bilus. ;c25 cm.0 aWeny Rahayu aJakarta :bPT Musi Perkasa Utama,c2009 a796.334 a796.334 SUT m a978-602-8264-21-1 aSepak Bola a01795/H/2018 a01796/H/2018